Normale Ansicht
MARC-Ansicht
Eintrag Personenname
001 - Kontrollnummer
- Kontrollfeld: 69015
003 - Kontrollnummer Identifier
- Kontrollfeld:
005 - Datum und Zeit der letzten Transaktion
- Kontrollfeld: 20260331170815.0
008 - Datenelemente mit fester Länge
- Kontrollfeld mit fester Länge: 260331|| aca||aabn | a|a d
040 ## - Katalogisierungsquelle
- Original-Katalogisierungsstelle:
- Übertragungsstelle:
100 ## - Ansetzung - Personenname
- Personenname: McAvoy, Liz Herbert
670 ## - Datenquelle
- Quellenangabe: Work cat.: ()74047: Sauer, Michelle M. 69013, The Palgrave Encyclopedia of Medieval Women's Writing in the Global Middle Ages.